00509nam a22001457a 450000500170000000800410001702000180005804100130007608200140008910000520010324501020015526000520025730000290030965000250033820231026081240.0231026b |||||||| |||| 00| 0 eng d a9780702125720 aEnglish  a346.7 SOU a Malan FR, Oelofse AN and Pretorius JTlEnglish aSouth African Banking Legislation /ccompiled and edited by FR Malan, AN Oelofse and JT Pretorius aCape Town :bJuta and Company (Pty) Ltd, c1991 b1053 pages ; c26, 6 cm. aLegal practice bLaw